[Event "BRA-ch sf (Women)"]
[Site "Blumenau"]
[Date "2015.11.01"]
[Round "6.1"]
[White "Baccarin, Natalia Viaro"]
[Black "Ribeiro, Regina"]
[Result "1/2-1/2"]
[WhiteElo "1920"]
[BlackElo "1970"]
[PlyCount "66"]
[EventDate "2015.10.30"]
[EventType "swiss"]
[EventRounds "7"]
[EventCountry "BRA"]
[SourceTitle "EXT 2022"]
[Source "ChessBase"]
[SourceDate "2021.10.06"]
[SourceVersion "1"]
[SourceVersionDate "2021.10.06"]
[SourceQuality "1"]

1. e4 e6 2. d4 a6 3. Nc3 c5 4. Nf3 cxd4 5. Nxd4 Qc7 6. Be3 Nf6 7. a3 Nc6 8. Be2 b5 9. 0-0 Bb7 10. f4 Nxd4 11. Qxd4 Rc8 12. Bf3 h5 13. Qb6 Ng4 14. Qxc7 Rxc7 15. Bd4 Rc4 16. Bb6 b4 17. axb4 Rxb4 18. Ba7 Bc8 19. h3 Nh6 20. b3 g6 21. Ra4 Be7 22. Rfa1 0-0 23. e5 f6 24. Ne4 Rxa4 25. Rxa4 fxe5 26. fxe5 Nf7 27. Bd4 Ng5 28. Nxg5 Bxg5 29. Be2 Rf4 30. c3 Re4 31. Bxa6 Bxa6 32. Rxa6 Be3+ 33. Bxe3 Rxe3 1/2-1/2